000 00372nam a22001457a 4500
999 _c1873
_d1873
008 200205b ||||| |||| 00| 0 eng d
020 _a818501583X
082 0 0 _a530
_bF435
100 _91482
_aFeynman, R. P.
245 1 0 _aLectures on physics /
_cby R. P. Feynman
260 _bNew Delhi:
_cNarosa Publishing,
_a1965.
300 _a726 p.
650 0 _aPhysics
942 _cBK